Tercer centenario del templo de Santa María de Igualada : durante los días 13 a 21 Noviembre durante los días 13 a 21 Noviembre
Publicado:
Igualada ; Artes Gráficas N. Poncell :
1927
Descripción Física:
[8] p. : il. ; 23 cm
Otros Autores:
Església Parroquial de Santa Maria (Igualada)
MARC
| LEADER | 00000nam a2200000Ia 4500 | ||
|---|---|---|---|
| 001 | 21432 | ||
| 008 | 160829s1927 xx 000 0 cat d | ||
| 080 | |a RF-12-57 | ||
| 245 | |a Tercer centenario del templo de Santa María de Igualada : |b durante los días 13 a 21 Noviembre | ||
| 260 | |a Igualada ; Artes Gráficas N. Poncell, |c 1927 | ||
| 300 | |a [8] p. : |b il. ; |c 23 cm | ||
| 590 | |a Prové de 3908, exp. 28 | ||
| 650 | |a Església Parroquial de Santa Maria (Igualada) |9 47696 | ||
| 700 | |a Església Parroquial de Santa Maria (Igualada) |9 47696 | ||
| 856 | 4 | |u https://media.diba.cat/diba/fitxers/arxiu/fulletons/bib_21432_1927_baixa.pdf |y Accés lliure | |
| 856 | 4 | |u https://media.diba.cat/diba/fitxers/arxiu/fulletons/bib_21432_1927_baixa.pdf |y Accés lliure | |
| 901 | |a Arxiu | ||
| 942 | |n 1 |2 udc | ||
| 952 | |0 0 |1 0 |4 0 |6 RF1257 |7 1 |9 54041 |a Arxiu |b Arxiu |d 2016-12-01 |l 0 |o RF-12-57 |p 21432 |r 2016-12-01 00:00:00 |w 2016-12-01 |y ARXIU | ||
| 999 | |c 57909 |d 57909 | ||
| 900 | |a bib_21432_1927_baixa.pdf | ||